| 000 | 02305nam0a2200313 i 4500 | ||
|---|---|---|---|
| 001 | RU\NLR\BIBL_A\010577741 | ||
| 005 | 20241213083836.0 | ||
| 010 |
_a978-5-9904765-2-4 _9300 |
||
| 035 | _a(NLR Aleph) 010577741 | ||
| 090 |
_a10448997 _c10448997 |
||
| 100 | _a20141225d2014 km y0rusy50 ca | ||
| 101 | 0 | _arus | |
| 102 | _aRU | ||
| 105 | _aab||z|||100yy | ||
| 200 | 1 |
_aСеверная Русь и Балтика в середине XII столетия: к 850-летию героической обороны Ладоги и победы на реке Вороной _eсборник статей по материалам конференции, 28-29 апреля 2014 г., Волхов - Старая Ладога - Самушкино _f[редкол.: С.Л. Кузьмин и др.] |
|
| 210 |
_aСанкт-Петербург _cКультурно-просветительское товарищество _d2014 |
||
| 215 |
_a299 с. _cил., карт. _d20 |
||
| 300 | _aВ надзаг.: Правительство Ленингр. обл., Ком. по местн. самоуправлению, межнац. и межконфессион. отношениям, Администрация МО "Волх. муницип. р-н", С.-Перерб. гос. ун-т [и др.] | ||
| 316 |
_aС автогр. некоторых авт. _5NLR |
||
| 606 | 1 |
_aБитва на реке Вороной _jСъезды, совещания и т.п _z1164 _92215199 _3RU\NLR\AUTH\6601564061 |
|
| 607 |
_aРоссия _jСъезды, совещания и т.п _xИстория _yСеверо-Запад _92532130 _3RU\NLR\AUTH\661499774 |
||
| 686 | 1 | _aЦ35(2)430я431 | |
| 686 | 1 | _aТ3(2Р31)я431 | |
| 702 | 1 |
_4340 _7ca _8rus _aКузьмин _bС. Л. _cархеолог _gСергей Леонидович _9140230 _3RU\NLR\AUTH\770140266 |
|
| 711 | 1 | 2 |
_a"Северная Русь и Балтика в середине XII столетия", конференция _eВолхов/пос. Старая Ладога, Ленинградская обл. и др. _f2014 _9437297 _3RU\NLR\AUTH\880385527 |
| 942 | _cBOOK | ||
| 980 | _aNBR | ||